000 00944cam a22002535a 4500
001 18978244
005 20201128023806.0
008 160217s2016 flua frb 001 0 eng d
020 _a9781498723909
040 _aYDXCP
_beng
_cYDXCP
_dEG-ScBUE
082 0 4 _222
_a332.0151
_bHAS
100 1 _aHastings, Kevin J.,‏
_d‎1955-‏
_940729
245 1 0 _aIntroduction to financial mathematics /
_cKevin J. Hastings.
260 _aBoca Raton :
_bCRC Press / Taylor & Francis Group,
_cc.2016.
300 _axiii, 407 p. :
_bill. ;
_c24 cm.
490 0 _aAdvances in applied mathematics.
500 _aIndex : p. 403-407.
504 _aBibliography : p. 401-402.
505 0 _aTheory of interest -- Bonds -- Discrete probability for finance -- Portfolio theory -- Valuation of derivatives.
650 7 _aBusiness mathematics.
_2BUEsh
_9801
651 _2BUEsh
653 _bBUSADM
_cAugust 2016
_cOctober2016
942 _2ddc
_e22
_k332.0151 HAS
999 _c22163
_d22135